00833nam a22002175a 450000500170000000800410001704000280005804300120008608200230009824501240012126000730024530000350031854100300035365000280038365100100041165300180042170000260043994200080046599900170047395201250049020180509111357.0180509q1985 ua a fr 000 0 eng d aEG-ScBUEbengcEG-ScBUE af-ua---04a398.20962bEGY22200aEgyptian Folk Arts : bFolk Literature, Music, Art And Handicraft, Habits And Customs /ceditors, Ali Ezzat... [et al.] aCairo :bMinistry Of Information, State Information Service,c[1985] a240 p. :bill.(col.) ;c30 cm. aAmbassador Ali Al-Hafni ; 7aFolklorezEgypt.2BUEsh 2BUEsh bGGENcMay20181 aEzzat, Ali, eeditor. 2ddc c26673d26645 00102ddc40708Donation-GaMAINbMAINc0THd2018-05-09eDonationl0o398.20962 EGYp000043399r2025-07-15 00:00:00yBB